000 00310nam a2200133Ia 4500
008 210210b xxu||||| |||| 00| 0 eng d
082 _a915.487 KARN
100 _a-
245 _aKarnataka
260 _aKarnataka
_bDirectorate of Information & Tourism
_c
300 _a74
690 _aGeography
906 _a040419
999 _c90558
_d90558